Código de procedimiento civil: sistematizado con jurisprudencia
Saved in:
| Corporate Author: | |
|---|---|
| Other Authors: | |
| Format: | Book |
| Language: | Spanish |
| Published: |
Santiago, Chile:
Legal Publishing; Thomson Reuters,
2017
|
| Edition: | Tercera Edición. |
| Subjects: | |
| Tags: |
Add Tag
No Tags, Be the first to tag this record!
|
MARC
| LEADER | 00000cam a2200000 a 4500 | ||
|---|---|---|---|
| 001 | UCC1953 | ||
| 003 | CL-VaPUC | ||
| 005 | 20250416110212.0 | ||
| 008 | 171214e20170000cl |||||||||||||||||spa|d | ||
| 999 | |c 370282 |d 370280 | ||
| 020 | |a 9789563469080 | ||
| 040 | |c Pontificia Universidad Católica de Valparaíso | ||
| 082 | 0 | 4 | |a 347.83 CHI 2017 |2 21 |
| 110 | 1 | |a Chile |9 890760 | |
| 245 | 1 | 0 | |a Código de procedimiento civil: sistematizado con jurisprudencia |
| 250 | |a Tercera Edición. |b Actualizada al 6 de noviembre de 2017. | ||
| 260 | |a Santiago, Chile: |b Legal Publishing; |b Thomson Reuters, |c 2017 | ||
| 300 | |a 1223 páginas | ||
| 505 | |a Mensaje del Código de Procedimiento Civil. Mensaje con que S. E. el Presidente de la República acompañó al Congreso Nacional el Proyecto de Ley sobre Modificaciones al Código de Procedimiento Civil. -Libro Primero. Disposiciones Comunes a Todo Procedimiento. -Libro Segundo. Del Juicio Ordinario. -Libro Tercero. De los Juicios Especiales. -Libro Cuarto. De los Actos Judiciales no Contenciosos. | ||
| 583 | |a last modification |c 20171214 17:05:00 |k Rodrigo Vera | ||
| 650 | 1 | |a Derecho civil chileno |9 320612 | |
| 650 | 1 | |a Procedimiento civil |z Chile |9 890903 | |
| 650 | 1 | 0 | |a Código civil chileno |9 255931 |
| 650 | 1 | |a Juicio ordinario |9 254867 | |
| 650 | 1 | |a Juicios especiales |9 348378 | |
| 650 | 1 | |a Actos judiciales no contenciosos |9 391844 | |
| 650 | 1 | |a Jurisprudencia procesal |9 254972 | |
| 700 | |a Hoyos de la Barrera, María Teresa |9 814204 | ||
| 852 | |a BIBCUR | ||
| 942 | |c BK |2 ddc | ||
| 945 | |d 20171214 17:05:00 |a dcastane | ||
| 952 | |0 0 |1 0 |2 ddc |3 erb |4 0 |6 347_830000000000000_CHI_2017 |7 0 |8 R |9 486667 |a BIBDER |b BIBDER |i 5442052 |l 1 |o 347.83 CHI 2017 |p 5442052 |r 2023-01-25 |s 2022-05-13 |w 2019-11-24 |y BK_R |z Catalogado en:20171214 |k DER | ||